| 000 | 00588nam a2200205Ia 4500 | ||
|---|---|---|---|
| 003 | GCL | ||
| 008 | 140319s9999 xx 000 0 ara d | ||
| 040 |
_aGCL / _cGCL |
||
| 082 | 0 | 4 |
_a133.54 _bت ا |
| 100 | 1 | _aتيسيه (اليزابيث) | |
| 245 | 1 | 0 |
_aاعرف برجك حتى عام 2000 / _cتيسيه (اليزابيث) |
| 700 | 1 | _aمكتب الترجمة الدولى - باريس | |
| 260 |
_a[S.N] : _bجروس برس ، _c1993 |
||
| 300 | _a167 ص | ||
| 490 | _a | ||
| 650 | 0 | 4 | _aالتنجيم |
| 650 | 0 | 4 | _aالفلك |
| 650 | 0 | 4 | _aالغيبيات |
| 942 |
_2ddc _cBK |
||
| 999 |
_c27521 _d27521 |
||